000 00410nam a2200145 a 4500
999 _c223
_d223
020 _a8131216632 (paperback)
020 _a9788131216637 (paperback)
100 1 _aJ., ASHENDEN PETER.
245 1 0 _aDigital Design :
260 _a[S.l.] :
_bElsevier,
_c2008.
300 _a1 v. (unpaged) ;
650 _aDigital Design
856 4 0 _uhttp://www.amazon.com/exec/obidos/ASIN/8131216632/chopaconline-20
942 _cBK